000
00284nam a22001217a 4500
008
170616b xxu||||| |||| 00| 0 eng d
041
_a
eng
080
_a
328
100
_a
20
101
_a
shp
245
_a
FINANCING STATE AND LOCAL GOVERNMENT
_c
WILDASIM.D.E
942
_2
udc
_c
BK
999
_c
17758
_d
17758